1098 1971 1360 1877 1243 1539 1375 1421 1963 1162 1585 1978 1843 1924 1946 1739 1794 1890 1886 1747 1732 1621 1051 1770 1324 1638 1566 1593 1718 1151 1333 1707 1598 1280 1364 1613 1311 1202 1277 1377 1905 1510 1630 1880 1620 1010 1921 1079 1314 1002 1385 1774 1851 1059 1949 1729 1452 1324 1341 1428 1235 1914 1155 1675 1351 1147 1293 1433 1897 1272 1930 1699 1240 1462 1227 1543 1328 1618 1449 1952 1971 1537 1019 1408 1463 1760 1682 1773 1482 1503 1125 1171 1502 1936 1082 1752 1987 1317 1258 BCNSPRNW ULIB Ver.6.0+V

เปลี่ยนเป็นภาษาไทย

Change to English
 แสดงรายละเอียดบรรณานุกรม
  กลับหน้าหลัก

Brief Record : Get Marc (ISO 2709) : E-mail record : QR code < ปิดหน้าต่าง
LEADER : 00000nam a2200000Ia 4500
001    13399115296
003     ULIB
008    110617s2554 th a 000 0 tha d
020    9789741116348
060 04 ^aWS125^bก511
245 00 ^aการเลี้ยงลูกด้วยนมแม่ /^cกรรณิการ์ วิจิตรสุคนธ์ ... [และคนอื่นๆ]
250    ^aพิมพ์ครั้งที่ 2
260    ^aกรุงเทพฯ :^bศูนย์ฝึกอบรมการเลี้ยงลูกด้วยนมแม่และโภชนาการเด็ก คณะพยาบาลศาสตร์ มหาวิทยาลัยมหิดล,^c2555
300    ^aก-ช, 226 หน้า :^bภาพประกอบ ;^c26 ซม.
650  4 ^aการเลี้ยงลูกด้วยนมแม่
650  4 ^aการให้น้ำนมมารดา
650  4 ^aน้ำนมมารดา, การเลี้ยงลูก
650  4 ^aโภชนาการทารก
700 0  ^aกรรณิการ์ วิจิตสุคนธ์,^eบรรณาธิการ
710 2  ^aมหาวิทยาลัยมหิดล. ^bคณะพยาบาลศาสตร์.
945    ^p250^l0^i032236
945    ^p250^l0^i032237
945    ^p250^l0^i032238
945    ^p250^l0^i032239
945    ^p250^l0^i032240
945    ^p250^l0^i032241
945    ^p250^l0^i032242
945    ^p250^l0^i033324
945    ^p250^l0^i033325
945    ^p250^l0^i033326
995    ^aเกษร
999 ^a ใช้งานได้ทุกระบบ
รายการนี้ยังไม่มีแท็ก
คุณยังไม่ได้ล็อกอิน คุณสามารถมีกิจกรรมร่วมกับเว็บไซต์ได้ แต่ต้องล็อกอินก่อน ::
  ล็อกอิน

รายการสื่อสารสนเทศ

ลำดับที่ ประเภท เลขเรียก/บาร์โค้ด สถานที่ สถานะ
1. วิทยาศาสตร์การแพทย์ และสุขภาพ
หนังสือสำรอง
สถานะ=หนังสือสำรอง
WS125 ก511 ฉ.1 
  Barcode: 032236
ห้องสมุดวิทยาเขตสวรรค์ประชารักษ์
►ส่วนจัดเก็บหนังสือเก่า สปร
บนชั้น
  ขอยืม
2. วิทยาศาสตร์การแพทย์ และสุขภาพ
วิทยาศาสตร์การแพทย์ และสุขภาพ
WS125 ก511 ฉ.10 
  Barcode: 033326
ห้องสมุดวิทยาเขตสวรรค์ประชารักษ์
►ส่วนจัดเก็บหนังสือเก่า สปร
บนชั้น
  ขอยืม
3. วิทยาศาสตร์การแพทย์ และสุขภาพ
วิทยาศาสตร์การแพทย์ และสุขภาพ
WS125 ก511 ฉ.2 
  Barcode: 032237
ห้องสมุดวิทยาเขตสวรรค์ประชารักษ์
►ส่วนจัดเก็บหนังสือเก่า สปร
บนชั้น
  ขอยืม
4. วิทยาศาสตร์การแพทย์ และสุขภาพ
วิทยาศาสตร์การแพทย์ และสุขภาพ
WS125 ก511 ฉ.3 
  Barcode: 032238
ห้องสมุดวิทยาเขตสวรรค์ประชารักษ์
►ส่วนจัดเก็บหนังสือเก่า สปร
บนชั้น
  ขอยืม
5. วิทยาศาสตร์การแพทย์ และสุขภาพ
วิทยาศาสตร์การแพทย์ และสุขภาพ
WS125 ก511 ฉ.4 
  Barcode: 032239
ห้องสมุดวิทยาเขตสวรรค์ประชารักษ์
►ส่วนจัดเก็บหนังสือเก่า สปร
บนชั้น
  ขอยืม
6. วิทยาศาสตร์การแพทย์ และสุขภาพ
วิทยาศาสตร์การแพทย์ และสุขภาพ
WS125 ก511 ฉ.5 
  Barcode: 032240
ห้องสมุดวิทยาเขตสวรรค์ประชารักษ์
►ส่วนจัดเก็บหนังสือเก่า สปร
บนชั้น
  ขอยืม
7. วิทยาศาสตร์การแพทย์ และสุขภาพ
วิทยาศาสตร์การแพทย์ และสุขภาพ
WS125 ก511 ฉ.6 
  Barcode: 032241
ห้องสมุดวิทยาเขตสวรรค์ประชารักษ์
►ส่วนจัดเก็บหนังสือเก่า สปร
บนชั้น
  ขอยืม
8. วิทยาศาสตร์การแพทย์ และสุขภาพ
วิทยาศาสตร์การแพทย์ และสุขภาพ
WS125 ก511 ฉ.7 
  Barcode: 032242
ห้องสมุดวิทยาเขตสวรรค์ประชารักษ์
►ส่วนจัดเก็บหนังสือเก่า สปร
บนชั้น
  ขอยืม
9. วิทยาศาสตร์การแพทย์ และสุขภาพ
วิทยาศาสตร์การแพทย์ และสุขภาพ
WS125 ก511 ฉ.8 
  Barcode: 033324
ห้องสมุดวิทยาเขตสวรรค์ประชารักษ์
►ส่วนจัดเก็บหนังสือเก่า สปร
บนชั้น
  ขอยืม
10. วิทยาศาสตร์การแพทย์ และสุขภาพ
วิทยาศาสตร์การแพทย์ และสุขภาพ
WS125 ก511 ฉ.9 
  Barcode: 033325
ห้องสมุดวิทยาเขตสวรรค์ประชารักษ์
►ส่วนจัดเก็บหนังสือเก่า สปร
บนชั้น
  ขอยืม

รายการใกล้เคียง
    หัวเรื่อง [การเลี้ยงลูกด้วยนมแม่]
    หัวเรื่อง [การให้น้ำนมมารดา]
    หัวเรื่อง [น้ำนมมารดา, การเลี้ยงลูก]
    หัวเรื่อง [โภชนาการทารก]

BibComment


ยังไม่เคยถูกคอมเมนท์

คอมเมนท์ทรัพยากรรายการนี้
  คอมเมนท์: การเลี้ยงลูกด้วย..


 Copyright 2026. Bcnsprnw @Library